000 00376nam a22001457a 4500
003 MACL
005 20191018163630.0
008 191018b xxu||||| |||| 00| 0 eng d
040 _cMACL
100 _aSingh , Giani Amrik
_976999
245 _aThe Sikh Way of Marital Living
260 _aLudhiana
_bLahore Books
_c2014
650 _aSocial Science
_977000
942 _2ddc
_cBK
999 _c61237
_d61237